000 00398nam a22001337a 4500
999 _c12390
_d12390
008 160803b xxu||||| |||| 00| 0 eng d
020 _a0582994810
050 _aTK 6560 .G74 1985
100 _aGreen, DC.
245 _aRadio systems for technicians/
260 _aEngland:
_bLongman scientific& technical,
_c1985.
300 _avi, 280 p.:
_bill.;
_c24 cm.
504 _aIncludes index.
650 _aRadio--Equipment and supplies
650 _aRadio--Transmitters and transmission
650 _aRadio
942 _2lcc
_cBOOKS
_hTK 6560 .G74 1985
_01